| 000 | 00000nam##2200000za#4500 |
| 001 | 9.576522 |
| 003 | CaOODSP |
| 005 | 20210624185158 |
| 007 | cr ||||||||||| |
| 008 | 150406|1984||||xxc|||||o f|0| 0 eng|d |
| 040 | |aCaOODSP|beng |
| 043 | |an-cn--- |
| 086 | 1 |aFs97-13/458E-PDF |
| 110 | 1 |aCanada. |bDepartment of Fisheries and Oceans. |
| 245 | 12|aA hydroacoustic survey for Pacific Hake on the Continental Shelf off British Columbia and Washington from 48 to 49 degrees north latitude, August 22 to September 8, 1983 / |h[electronic resource]|cby L.W. Barner, R. Kieser, and T.J. Mulligan. |
| 260 | |aNanaimo - British Columbia : |bFisheries and Oceans Canada |c1984. |
| 300 | |a104p.|btables |
| 490 | 1 |aCanadian data report of fisheries and aquatic sciences|vNo. 458 |
| 500 | |aOn t.p.: Pacific Biological Station, Nanaimo, British Columbia. Catalogue number of the print edition appears in the PDF version. |
| 546 | |a(Résumé en français) |
| 590 | |a13-14-Supp|b2013-05-30 |
| 720 | 1 |aBarner, L. W. |
| 720 | 1 |aKieser, R. |
| 720 | 1 |aMulligan, T. J. |
| 830 | #0|aCanadian data report of fisheries and aquatic sciences ;|vNo. 458|w(CaOODSP)9.505124 |
| 856 | 40|ahttp://publications.gc.ca|qPDF|s6070 KB|uhttps://publications.gc.ca/collections/collection_2013/mpo-dfo/Fs97-13-458-eng.pdf|yNo. 458 |